| 000 | 00441nam a2200169 i 4500 | ||
|---|---|---|---|
| 001 | 34130 | ||
| 003 | ES-MaACL | ||
| 005 | 20230906154859.0 | ||
| 007 | t| | ||
| 008 | 030204s1968 sp ||||1| spa d | ||
| 100 | 1 |
_aBlanco-Amor, Eduardo. _929220 |
|
| 245 | 1 | 3 |
_aLa misión... / _cEduardo Blanco-Amor. |
| 250 | _a1ª ed. | ||
| 260 |
_aBarcelona : _bPlaneta, _c[1968] |
||
| 300 |
_a246 p. ; _c19 cm. |
||
| 852 |
_aES-MaACL _jC-46350 _bR.67651 |
||
| 999 |
_c34130 _d34130 |
||